Економічна статистика (Запис № 326658)

МАРК-запис
000 -Лідер
fixed length control field 01140nam a22002657a 4500
001 - Контрольний номер
control field 40515
003 - Ідентифікатор контрольного номера
control field UA-OsUOA
005 - Дата та час останнього входження (трансакції)
control field 20230504161234.0
007 - Фіксоване поле фізичного опису
fixed length control field ta
008 - Елементи даних фіксованої довжини – загальна інформація
fixed length control field 20060809b un ||||| |||| 00| 0 ukr d
020 ## - Міжнародний стандартний книжковий номер (ISBN)
Міжнародний стандартний книжковий номер (ISBN) (НП) 966-351-063-3
040 ## - Джерело каталогізації
Агенція оригінальної каталогізації UA-OsUOA
Мова каталогізації ukr
Агенція, яка здійснювала перезапис UA-OsUOA
Агенція, яка здійснювала модифікацію UA-OsUOA
041 ## - Код мови
Код мови тексту/ звукової доріжки чи окремого заголовка (П) ukr
080 ## - Індекс Універсальної десяткової класифікації
Індекс Універсальної десяткової класифікації (УДК) (НП) 311:330.101.52
090 ## - Локальний шифр розміщення
Класифікаційний індекс УДК 311:330.101.52
Авторський знак (НП) Б83
100 ## - Основне введення – ім’я особи
Ім’я особи (НП) Борух В. О.
245 ## - Відомості про назву
Назва (НП) Економічна статистика
Решта назви (НП) навч. пос.
Дані про відповідальність (НП) Борух В. О., Алямкін Р. В.
260 ## - Публікація, розповсюдження і т.п. (Вихідні дані)
Місце публікації, розповсюдження і т.п. (П) К.
Ім’я/ наймення видавництва, розповсюджувача і т.п. (П) Ліра
Дата публікації, розповсюдження і т.п. (П) 2006
300 ## - Фізичний опис
Обсяг 318 с.
520 ## - Резюме і т.п.
Резюме, реферат, анотація, тощо (НП) У навчальному посібнику висвітлені основні методи і способи розрахунку економічних показників у системі національних рахунків України з урахуваннями прийнятих стандартів бухгалтерського обліку.
650 #7 - Додаткове предметне введення – тематичний термін
Тематичний термін чи географічна назва, як елемент введення (НП) 330 Економіка взагалі
Джерело заголовка чи терміна UDC
942 ## - Додаткові елементи входу (Коха)
Тип елемента Koha Книги
Source of classification or shelving scheme Universal Decimal Classification
955 ## - Код типу видання за змістом
Код типу видання за змістом (НП) Навчальні видання
Фонди
Стан вилучень Стан втрат Джерело класифікації або схеми стелажів Стан уражень Не для кредиту Постійне місце розташування Поточне розміщення Дата придбання Джерело придбання Вартість, звичайна ціна покупки Інвентарний номер Усього замовленно Повний номер виклику Штрих-код Дата останнього перегляду Ціна ефективна від Тип елемента Koha
    Universal Decimal Classification     АБ - Абонемент НБ АБ - Абонемент НБ 16/08/2007 138/2007 35.00 106174   311:330.101.52 Б83 106174 08/11/2021 09/08/2006 Книги
    Universal Decimal Classification     АБ - Абонемент НБ АБ - Абонемент НБ 18/03/2008 32/2008 38.00 112586   311:330.101.52 Б83 112586 08/11/2021 09/08/2006 Книги
    Universal Decimal Classification     ЧЗ - Читальна зала ЧЗ - Читальна зала 09/08/2006 81/2006 33.60 97777   311:330.101.52 Б83 97777 07/02/2022 09/08/2006 Книги
    Universal Decimal Classification     ЧЗ - Читальна зала ЧЗ - Читальна зала 09/08/2006 81/2006 33.60 97778   311:330.101.52 Б83 97778 07/02/2022 09/08/2006 Книги
    Universal Decimal Classification     ЧЗ - Читальна зала ЧЗ - Читальна зала 09/08/2006 81/2006 33.60 97779   311:330.101.52 Б83 97779 07/02/2022 09/08/2006 Книги
    Universal Decimal Classification     ЧЗ - Читальна зала ЧЗ - Читальна зала 02/03/2011 24/2011 52.00 131118   311:330.101.52 Е45 131118 07/02/2022 07/09/2006 Книги
    Universal Decimal Classification     ЧЗ - Читальна зала ЧЗ - Читальна зала 07/09/2006 89/2006 32.90 98309   311:330.101.52 Е45 98309 07/02/2022 07/09/2006 Книги